|
|
|
|
| LEADER |
00000nam0a2200000 4500 |
| 001 |
350051 |
| 005 |
20231102010249.0 |
| 035 |
|
|
|a (RuTPU)RU\TPU\retro\3536
|
| 035 |
|
|
|a RU\TPU\retro\3531
|
| 090 |
|
|
|a 350051
|
| 100 |
|
|
|a 20181109d1952 km y0rusy50 ca
|
| 101 |
0 |
|
|a rus
|
| 102 |
|
|
|a RU
|
| 105 |
|
|
|a y z 000zy
|
| 200 |
1 |
|
|a Михайлов Н. И. Сибирь. Физико-географический очерк
|e критика и библиография
|e [оттиск статьи]
|f В. А. Обручев
|g Академия наук СССР (АН СССР)
|
| 210 |
|
|
|a Москва
|c Издательство Академии наук СССР
|d 1952
|
| 215 |
|
|
|a с. 89-91
|
| 225 |
1 |
|
|a Известия Академии наук СССР
|e Серия геологическая
|h № 1
|
| 316 |
|
|
|5 63413507: ШкА/666
|a На обложке дарственная надпись "В библиотеку Томского Индустриального Института от автора"
|
| 606 |
1 |
|
|a Сибирь
|x География
|2 stltpush
|3 (RuTPU)RU\TPU\subj\72222
|9 85790
|
| 610 |
1 |
|
|a физико-географические исследования
|
| 610 |
1 |
|
|a исторические аспекты
|
| 610 |
1 |
|
|a характеристики
|
| 610 |
1 |
|
|a природно-географическая среда
|
| 610 |
1 |
|
|a рельефы
|
| 610 |
1 |
|
|a поверхности
|
| 610 |
1 |
|
|a низменности
|
| 610 |
1 |
|
|a горные районы
|
| 610 |
1 |
|
|a внутренние воды
|
| 610 |
1 |
|
|a рецензии
|
| 610 |
1 |
|
|a критика
|
| 610 |
1 |
|
|a выводы
|
| 610 |
1 |
|
|a оттиски
|
| 610 |
1 |
|
|a дарственные надписи
|
| 610 |
1 |
|
|a коллекция В. А. Обручева
|
| 675 |
|
|
|a 91(571.1/.5)
|v 4
|
| 700 |
|
1 |
|a Обручев
|b В. А.
|c российский геолог
|c профессор Томского технологического института
|c исследователь Сибири, Центральной и Средней Азии
|c географ
|f 1863-1956
|g Владимир Афанасьевич
|2 stltpush
|3 (RuTPU)RU\TPU\pers\996
|
| 712 |
0 |
2 |
|a Академия наук СССР (АН СССР)
|c (Ленинград/Москва)
|c (1925-1991)
|2 stltpush
|3 (RuTPU)RU\TPU\col\722
|
| 801 |
|
1 |
|a RU
|b 63413507
|c 20180926
|
| 801 |
|
2 |
|a RU
|b 63413507
|c 20181219
|g RCR
|
| 942 |
|
|
|c BK
|